名大合格者数10人以上の高校(2024年) - Statistics

General Stats
  • This quiz has been taken 56 times
  • The average score is 24 of 47
Answer Stats
人数 所在地 学校名 % Correct
72 愛知 岡崎
98%
43 岐阜 岐阜
98%
68 愛知 東海
96%
36 三重 四日市
91%
72 愛知 刈谷
89%
71 愛知 一宮
87%
43 愛知 旭丘
85%
18 静岡 静岡
81%
21 愛知 名古屋
77%
44 愛知
74%
32 静岡 浜松北
70%
47 愛知 明和
64%
35 愛知 時習館
62%
39 愛知 半田
60%
17 石川 金沢泉丘
60%
11 富山 高岡
60%
23 岐阜 大垣北
58%
11 三重 桑名
57%
32 岐阜 岐阜北
55%
26 愛知 千種
53%
38 愛知 菊里
51%
35 愛知 豊田西
51%
34 愛知 瑞陵
51%
67 愛知 向陽
49%
31 岐阜 多治見北
47%
29 愛知 一宮西
43%
22 愛知 南山
43%
29 愛知 西尾
42%
24 愛知 岡崎北
42%
20 愛知 西春
42%
16 愛知 豊橋東
40%
18 愛知 五条
36%
10 静岡 沼津東
36%
12 愛知 名東
34%
10 愛知 江南
34%
12 岐阜 加納
32%
15 静岡 磐田南
30%
20 愛知 刈谷北
28%
12 愛知 横須賀
28%
14 静岡 清水東
26%
10 愛知 名城大学附属
26%
14 愛知 桜台
25%
13 岐阜 鶯谷
25%
11 愛知 旭野
25%
12 愛知 愛知淑徳
17%
18 愛知 名古屋大学附属
15%
12 静岡 韮山
15%
No matching quizzes found
Score Distribution
Percent of People with Each Score
Percentile by Number Answered
Your Score History
You have not taken this quiz